000 00690nam a2200241Ia 4500
003 OSt
005 20221007080111.0
006 a|||||r|||| 00| 0
007 ta
008 221006b |||||||| |||| 00| 0 eng d
020 _a9789382059592
024 _a45,431
037 _cTextual
040 _aFLL
_cFLL
_beng
041 _2eng
_aeng
082 _aV2:58(T), Q7
100 _aSIKKA Shalini Ed.
_9482241
245 0 _aNational policy of India on education and human resource development
260 _aNew Delhi
_bSynergy Books India India
_c2017
300 _axxxvi,327p.
_ccm.
942 _hV2:58(T), Q7
_cTEXL
_2CC
999 _c1158364
_d1158364